Cvičení s říkankou pro malé děti /
Krátké jednoduché říkanky s obrázkovými návody motivující děti k hravému cvičení. Příručka se hodí pro rodiče dětí od dvou let, využít ji lze i v mateřských centrech či mateřských školách.
Uloženo v:
| Hlavní autor: | |
|---|---|
| Další autoři: | |
| Médium: | E-kniha |
| Jazyk: | Czech |
| Vydáno: |
Brno :
Edika,
2019
|
| Vydání: | 2. vydání |
| Témata: | |
| Tagy: |
Žádné tagy |
| LEADER | 02799nam a2200529 i 4500 | ||
|---|---|---|---|
| 001 | 311003 | ||
| 003 | CZ PrSKC | ||
| 005 | 20260601215658.0 | ||
| 007 | ta | ||
| 008 | 190128s2019 xr a e f 000 0 cze | ||
| 015 | |a cnb003072996 | ||
| 020 | |a 9788026613749 |q (vázáno) : |c Kč 249,00 | ||
| 035 | |a (OCoLC)1096292098 | ||
| 040 | |a OLA001 |b cze |e rda | ||
| 072 | 7 | |a 796 |x Sport. Hry. Tělesná cvičení |2 Konspekt | |
| 080 | |a 796.2 |2 MRF | ||
| 080 | |a 796.012.6 |2 MRF | ||
| 080 | |a 316.346.32-053.4 |2 MRF | ||
| 080 | |a (035) |2 MRF | ||
| 080 | |a (0:82-193) |2 MRF | ||
| 100 | 1 | |a Vévodová, Helena |7 kv2012721044 |4 aut | |
| 245 | 1 | 0 | |a Cvičení s říkankou pro malé děti / |c Helena Vévodová ; [ilustrace] Miroslav Růžek |
| 250 | |a 2. vydání | ||
| 264 | 1 | |a Brno : |b Edika, |c 2019 | |
| 300 | |a 95 stran : |b barevné ilustrace ; |c 24 cm | ||
| 336 | |a text |b txt |2 rdacontent | ||
| 336 | |a statický obraz |b sti |2 rdacontent | ||
| 337 | |a bez média |b n |2 rdamedia | ||
| 338 | |a svazek |b nc |2 rdacarrier | ||
| 520 | 2 | |a Krátké jednoduché říkanky s obrázkovými návody motivující děti k hravému cvičení. Příručka se hodí pro rodiče dětí od dvou let, využít ji lze i v mateřských centrech či mateřských školách. |b Oblíbené říkanky, milé barevné obrázky a spousta pohybu představuje kombinaci, kterou mají děti rády a přitom ji ocení i jejich rodiče. Je to další možnost jak procvičit řečové i pohybové dovednosti, potrénovat paměť, upevnit vazbu s dítětem, dodat mu sebevědomí, tolik potřebné k psychické pohodě a rozvoji jeho osobnosti. A to vše zábavnou formou. V knížce také najdete mimo jiné i tipy na procvičení jemné motoriky či cvičení proti plochým nohám. Nápady jsou využitelné i pro dětské kolektivy. Nakladatelská anotace. | |
| 650 | 0 | 7 | |a pohybové hry |7 ph124204 |2 czenas |
| 650 | 0 | 7 | |a tělesná cvičení |7 ph126832 |2 czenas |
| 650 | 0 | 7 | |a děti předškolního věku |7 ph119710 |2 czenas |
| 650 | 0 | 9 | |a movement games |2 eczenas |
| 650 | 0 | 9 | |a exercises |2 eczenas |
| 650 | 0 | 9 | |a preschool children |2 eczenas |
| 655 | 7 | |a příručky |7 fd133209 |2 czenas | |
| 655 | 7 | |a říkadla |7 fd133992 |2 czenas | |
| 655 | 9 | |a handbooks and manuals |2 eczenas | |
| 655 | 9 | |a children's poetry |2 eczenas | |
| 700 | 1 | |a Růžek, Miroslav, |d 1958- |7 mzk2003175530 |4 ill | |
| 900 | |a ABA001 |b 21 | ||
| 928 | 9 | |a Albatros Media - Edika | |
| 044 | |a xr | ||
| 910 | |a RBIT002 | ||
| 998 | |d 183556 |a https://core.palmknihy.cz/api/books/183556/cover?plshnc |b https://core.palmknihy.cz/api/books/183556/cover/400?plshnc |c https://core.palmknihy.cz/api/books/183556/cover/50?plshnc |e 2081-10-03 |g 96 |i 9788026613749 |k https://core.palmknihy.cz/api/books/183556/preview.pdf |l |q 49 |r 1 |s https://www.palmknihy.cz/kniha/183556 |t ebook |y 2018 |z 0 | ||
| 999 | |d 311001 | ||